banner koha

Avaliação da aderência à agroecologia no assentamento 23 de maio, Itapetininga-SP (Registro n. 86418)

MARC details
000 -LÍDER
fixed length control field 03216nab a2200289 4500
003 - CÓDIGO MARC DA AGÊNCIA CATALOGADORA
Campo de controle BR-BrBNA
005 - DATA E HORA DA ÚLTIMA ATUALIZAÇÃO
Campo de controle 20231006091418.0
008 - CAMPO DE TAMANHO FIXO
fixed length control field 231006b bl.||||| |||| 00| 0 por d
040 ## - FONTE DA CATALOGAÇÃO
Agência catalogadora BR-BrBNA
Idioma da catalogação por
072 ## - CATEGORIA AGRIS
Código AGRIS E11
100 ## - ENTRADA PRINCIPAL - NOME PESSOAL
Nome pessoal Borsatto, Ricardo Serra
100 ## - ENTRADA PRINCIPAL - NOME PESSOAL
Nome pessoal Carmo, Maristela Simões do
100 ## - ENTRADA PRINCIPAL - NOME PESSOAL
Nome pessoal Bergamasco, Sonia Maria Pessoa Pereira
100 ## - ENTRADA PRINCIPAL - NOME PESSOAL
Nome pessoal Silva, Anderson Antonio da
100 ## - ENTRADA PRINCIPAL - NOME PESSOAL
Nome pessoal Procopio, Francine de Camargo
245 ## - TÍTULO PRINCIPAL
Título principal Avaliação da aderência à agroecologia no assentamento 23 de maio, Itapetininga-SP
500 ## - NOTA GERAL
Nota geral Summaries (En, Pt); 19 ref.
942 ## - ADDED ENTRY ELEMENTS (KOHA)
Koha item type
520 ## - NOTA DE RESUMO
Nota de conteúdo Resumo:<br/>O presente trabalho teve como objetivo avaliar como os agricultores do assentamento 23 de Maio (Itapetininga-SP) vêm se apropriando do discurso difundido pelo Movimento dos Trabalhadores Rurais Sem Terra (MST) que incentiva a adoção de práticas agroecológicas dentro dos assentamentos rurais. Para tanto foi utilizado o Sistema de Avaliação de Aderência à Agroecologia(SAAGRO), idealizado para esta pesquisa, que se caracteriza por ser uma metodologia capaz de efetuar avaliações sócio-ambientais em assentamentos rurais e, concomitantemente, apoiar os agricultores em sua transição rumo à construção de territórios mais sustentáveis. Os resultados de sua aplicação de mostraram que, no caso do 23 de maio, houve uma Moderada Aderência, sendo necessárias ações para a melhoria dos indicadores. A metodologia permitiu a elaboração de uma lista com propostas de intervenções que auxiliaram os assentados no planejamento de suas ações.<br/>
520 ## - NOTA DE RESUMO
Nota de conteúdo Abstract: <br/>The purpose of this paper is to examine adaptation strategies that have been adopted by farmers of the 23 de Maio Settlement, located in Itapetininga (SP), in order to meet the goals and principles of the Land less Rural Workers Movement (MST) discourse which promotes theim plementation of agroecological practices in rural settlements. This study applied a conceptual model for participatory evaluation, namely the Evaluation System of the Adherence to Agroecology (SAAGRO), which was designed to conduct this research, characterized by a method logical approach for evaluating social and socio-environmental aspects in rural settlements, and was likewise aimed at supporting those farmers in the process of transition towards sustainability and the sustainable development of rural areas. The results showed that in the case of the 23 de Maio Settlement there was a moderate adherence to the principles, which requires essential actions to improve the indicators. The methodology allowed for the creation of a list of proposals for interventions designed to assist settlers to develop and implement their action plans
650 ## - ASSUNTO - THESAGRO
Cabeçalho tópico ou nome geográfico AGROECOLOGIA
650 ## - ASSUNTO - THESAGRO
Cabeçalho tópico ou nome geográfico ASSENTAMENTO RURAL
650 ## - ASSUNTO - THESAGRO
Cabeçalho tópico ou nome geográfico ITAPETININGA
-- SÃO PAULO
773 0# - ENTRADA ANALÍTICA
Host Biblionumber 9807
Registro do item 25564
Imprenta Araraquara, SP (Brasil) UNIARA. Nupedor 1994-
Outro identificador 2023-436129
Título Retratos de Assentamentos (Brasil)/
ISSN 1516-8182
Colação v. 14(2) 2011 p. 263-281
Número de controle de registro BR2023001937
856 ## - ACESSO E ENDEREÇO ELETRÔNICO
Identificador uniforme de recurso - URI https://retratosdeassentamentos.com/index.php/retratos/article/view/104/92

Nenhum exemplar disponível.

BINAGRI

Telefone: (61)3218-2567/2388/3357/2097 - binagri@agro.gov.br

Ministério da Agricultura e Pecuária , Esplanada dos Ministérios, Bloco D, Anexo B, Brasília/DF, CEP: 70.043-900